000 00675nam a2200265Ia 4500
005 20260121172431.0
008 008 260114s9999 xx 000 0 eng d
020 _a9783030596491
037 _aEBOOK
040 _aCRL
040 _beng
040 _cCRL
041 _2eng
041 _aeng
084 _qCRL
100 _aUta Freiberg, Ben Hambly, Michael Hinz, Steffen Winter
_91088381
245 0 _aFractal Geometry and Stochastics VI
260 _bSpringer
260 _bSpringer
260 _c2021
856 _uhttps://link.springer.com/openurl?genre=book&isbn=978-3-030-59649-1
942 _cEBOOK
999 _c1654120
_d1654120